| 000 | 00000nam##2200000za#4500 |
| 001 | 9.697038 |
| 003 | CaOODSP |
| 005 | 20210624235314 |
| 007 | cr ||||||||||| |
| 008 | 150407|2006||||xxc|||||o f|0| 0 eng|d |
| 040 | |aCaOODSP|beng |
| 043 | |an-cn--- |
| 086 | 1 |aH129-21/2006E-PDF |
| 110 | 1 |aCanada. |bHealth Canada. |
| 245 | 10|aInternational guidelines for the estimation of the avoidable costs of substance abuse / |h[electronic resource]|cby David Collins ... [et al.]. |
| 250 | |a1st edition |
| 260 | |aOttawa - Ontario : |bHealth Canada |cNovember 2006. |
| 300 | |a104p.|bfigs. (some coloured), references, tables |
| 590 | |a12-43-Supp|b2012-12-07 |
| 690 | 07|aAlcoholism|2gcpds |
| 690 | 07|aDrug addiction|2gcpds |
| 775 | 08|tLignes directrices internationales pour l'estimation des coûts évitables de l'abus de substances / |w(CaOODSP)9.641109 |
| 856 | 40|ahttp://publications.gc.ca|qPDF|s723 KB|uhttps://publications.gc.ca/collections/collection_2012/sc-hc/H129-21-2006-eng.pdf |